| 000 | 00960caa a22002537a 4500 | ||
|---|---|---|---|
| 999 |
_c410760 _d410760 |
||
| 001 | 123612 | ||
| 003 | UA-OsUOA | ||
| 005 | 20200112003901.0 | ||
| 007 | ta | ||
| 008 | 20170627b un ||||| |||| 00| 0 ukr d | ||
| 040 |
_aUA-OsUOA _bukr _cUA-OsUOA _dUA-OsUOA |
||
| 041 | _aukr | ||
| 080 | _a908 | ||
| 090 |
_a908 _bБ24 |
||
| 100 | _aБардецький А. | ||
| 245 |
_aРезультати археологічних розвідок на території Острозького району в 2011 році _cА. Бардецький, Д. Вертелецький |
||
| 300 | _aС. 267–282 | ||
| 650 | 7 |
_a908 Краєзнавство _2UDC |
|
| 700 | _aВертелецький Д. | ||
| 773 | 0 |
_0384074 _9408052 _dОстрог НаУОА 2012 _o142053 _tОстрозький краєзнавчий збірник _w(UA-OsUOA) 97837 |
|
| 942 |
_cBKA _2udc |
||
| 955 | _a1 | ||